| 000 | 01039nam a2200253 a 4500 | ||
|---|---|---|---|
| 001 | 84289 | ||
| 003 | BD-RjUL | ||
| 005 | 20241112171122.0 | ||
| 008 | 241112s2023 bg a|||| m||| 00| 0 eng d | ||
| 035 | _a(BD-RjUL)84289 | ||
| 040 |
_aBD-RjUL _beng _cBD-RjUL _dBD-RjUL |
||
| 041 | _aeng | ||
| 082 |
_223 _a636.20954924 _bAZI 2023 |
||
| 100 |
_aAzam, Md. Golam _914228 |
||
| 245 | 1 | 0 |
_aIdentification and characterization of paramphistomes in cattle at Northern area of Bangladesh / _cby Md. Golam Azam ; _6Supervisor :Moizur, Rahman, Co-Supervisor : Lovely, Nahar |
| 260 |
_aRajshahi : _bDepartment of Veterinary and Animal Sciences, University of Rajshahi, _c2023 |
||
| 300 |
_axvi, 161 leaves : _bill, ; _c29.cm. |
||
| 502 | _aThesis (Ph. D.) -- Department of Veterinary and Animal Sciences, University of Rajshahi, | ||
| 504 | _aReferences : Leaves 133 - 158 | ||
| 650 |
_aCattle _xNorthern Area _zBangladesh _914229 |
||
| 700 |
_aRahman, Moizur, Supervisor _97087 |
||
| 700 |
_aNahar, Lovely, Co-Supervisor _914230 |
||
| 942 |
_2ddc _cTHE |
||
| 999 |
_c84289 _d84289 |
||